000 00577nam a2200229Ia 4500
003 OSt
005 20221007082536.0
006 a|||||r|||| 00| 0
007 ta
008 221006b |||||||| |||| 00| 0 eng d
024 _a6,719
037 _cTextual
040 _aFLL
_cFLL
_beng
041 _2eng
_aeng
082 _aX72:Z2q, N0
100 _aSinghania V.K. Au.
_9686566
245 0 _aDirect taxes law and practice
260 _c1990
300 _axxiv,994p
_ccm.
942 _hX72:Z2q, N0
_cTEXL
_2CC
999 _c1166787
_d1166787